000
00334nas a2200145 a 4500
001
69422
003
143288
005
20201118110644.0
008
||||||n9999 ||| || ||
245
0
_a
Comunidad Europea - Vol.3 No.8-9,2,3,5,11
260
_c
1967.
562
_e
0
773
_0
69404
_a
Comunidad Europea
942
_c
SISS
999
_c
69422
_d
69422